<?xml version="1.0" encoding="UTF-8"?>
<record
    xmlns:xsi="http://www.w3.org/2001/XMLSchema-instance"
    xsi:schemaLocation="http://www.loc.gov/MARC21/slim http://www.loc.gov/standards/marcxml/schema/MARC21slim.xsd"
    xmlns="http://www.loc.gov/MARC21/slim">

  <leader>02972nac a22003371i 4500</leader>
  <controlfield tag="003">EG-ScBUE</controlfield>
  <controlfield tag="005">20240416103335.0</controlfield>
  <controlfield tag="008">240416s2002    n  b   f b    001 0 eng d</controlfield>
  <datafield tag="020" ind1=" " ind2=" ">
    <subfield code="a">0333948076 (pbk.)</subfield>
  </datafield>
  <datafield tag="020" ind1=" " ind2=" ">
    <subfield code="a">9780333948071</subfield>
  </datafield>
  <datafield tag="040" ind1=" " ind2=" ">
    <subfield code="a">EG-ScBUE</subfield>
    <subfield code="b">eng</subfield>
    <subfield code="e">rda</subfield>
    <subfield code="c">EG-ScBUE</subfield>
    <subfield code="d">EG-ScBUE</subfield>
  </datafield>
  <datafield tag="082" ind1="0" ind2="4">
    <subfield code="a">947.0009045</subfield>
    <subfield code="b">PEA</subfield>
    <subfield code="2">22</subfield>
  </datafield>
  <datafield tag="100" ind1="1" ind2=" ">
    <subfield code="a">Pearson, Raymond,            </subfield>
    <subfield code="e">author.</subfield>
  </datafield>
  <datafield tag="245" ind1="1" ind2="4">
    <subfield code="a">The rise and fall of the Soviet Empire /</subfield>
    <subfield code="c">Raymond Pearson.</subfield>
  </datafield>
  <datafield tag="250" ind1=" " ind2=" ">
    <subfield code="a">Second edition.</subfield>
  </datafield>
  <datafield tag="264" ind1=" " ind2="1">
    <subfield code="a">New York :</subfield>
    <subfield code="b">Palgrave, </subfield>
    <subfield code="c">2002.</subfield>
  </datafield>
  <datafield tag="300" ind1=" " ind2=" ">
    <subfield code="a">xxiv, 211 pages :</subfield>
    <subfield code="b">maps ;</subfield>
    <subfield code="c">22 cm.</subfield>
  </datafield>
  <datafield tag="336" ind1=" " ind2=" ">
    <subfield code="2">rdacontent</subfield>
    <subfield code="a">text</subfield>
    <subfield code="b">txt</subfield>
  </datafield>
  <datafield tag="337" ind1=" " ind2=" ">
    <subfield code="a">unmediated</subfield>
    <subfield code="2">rdamedia</subfield>
    <subfield code="b">n</subfield>
  </datafield>
  <datafield tag="338" ind1=" " ind2=" ">
    <subfield code="a">volume</subfield>
    <subfield code="b">nc</subfield>
    <subfield code="2">rdacarrier</subfield>
  </datafield>
  <datafield tag="490" ind1="0" ind2=" ">
    <subfield code="a">Studies in contemporary history</subfield>
  </datafield>
  <datafield tag="504" ind1=" " ind2=" ">
    <subfield code="a">Includes bibliographical references and index.</subfield>
  </datafield>
  <datafield tag="505" ind1="8" ind2=" ">
    <subfield code="a">Machine generated contents note: 1 Yalta 1945: Liberation or Occupation? 1 -- The First World War and the Partition of Eastern Europe 2 -- Interwar Soviet Europe 6 -- Interwar Versailles Europe 9 -- The Second World War and the Repartition of Eastern Europe 16 -- Operation Barbarossa 19 -- The End of the Nazi 'New Order' 22 -- 2 Belgrade 1948: Cold War Empire 25 -- Military Occupation 25 -- Economic Exploitation 28 -- Strategic Insulation 32 -- Political Subordination 37 -- Ideological Conversion 42 -- The Newest Empire 45 -- 3 Budapest 1956: Thaw and Refreeze 50 -- From Stalin to Khrushchev 52 -- Polish October, Hungarian November 58 -- Reaction and Readjustment 63 -- Hollow Victory 69 -- 4 Prague 1968: Spring and Fall 71 -- Return to De-Stalinisation 71 -- From Khrushchev to Kosygin 75 -- 'Socialism with a Human Face' 79 -- Brezhnev and 'Normalisation' 86 -- Steady State 91 -- 5 Gdansk 1980: Stagnation to Solidarity 96 -- Empire on the Slide 99 -- Poland's 'Self-Limiting Revolution' 101 -- 1980,1968 and 1956 105 -- Empire in the Red 109 -- Grey Eminences 113 -- 6 Berlin 1989: Decolonisation of the -- Outer Empire 116 -- Gorbachev and Glasnost 116 -- The Impotence of the Powerful 121 -- The Power of the Powerless 128 -- People-Power 131 -- Beating Retreat 134 -- Landslide and Timeslip 139 -- 7 Moscow 1991: Disintegration of the Inner Empire 143 -- Soviet Disunion 144 -- Imperial Implosion 152 -- Conspiracy and Climax 160 -- Capitulation and Closure 164 -- 8 The Last Empire? 166 -- Designations and Definitions 167 -- Rising and Falling 174 -- Weaknesses and Strengths 178 -- Vices and Virtues 185 -- Retrospective and Perspective 192.</subfield>
  </datafield>
  <datafield tag="651" ind1=" " ind2="7">
    <subfield code="a">Europe, Eastern</subfield>
    <subfield code="x">Politics and government</subfield>
    <subfield code="y">1945-1989.</subfield>
    <subfield code="2">BUEsh</subfield>
  </datafield>
  <datafield tag="651" ind1=" " ind2="7">
    <subfield code="a">Soviet Union</subfield>
    <subfield code="x">Politics and government</subfield>
    <subfield code="y">1945-1991.</subfield>
    <subfield code="2">BUEsh</subfield>
  </datafield>
  <datafield tag="655" ind1=" " ind2=" ">
    <subfield code="v">Reading book</subfield>
  </datafield>
  <datafield tag="856" ind1="4" ind2="2">
    <subfield code="3">Contributor biographical information</subfield>
    <subfield code="u">http://www.loc.gov/catdir/bios/hol051/2001060255.html</subfield>
  </datafield>
  <datafield tag="856" ind1="4" ind2="2">
    <subfield code="3">Publisher description</subfield>
    <subfield code="u">http://www.loc.gov/catdir/description/hol031/2001060255.html</subfield>
  </datafield>
  <datafield tag="856" ind1="4" ind2="2">
    <subfield code="3">Table of contents</subfield>
    <subfield code="u">http://www.loc.gov/catdir/toc/fy033/2001060255.html</subfield>
  </datafield>
  <datafield tag="942" ind1=" " ind2=" ">
    <subfield code="c">BB</subfield>
    <subfield code="2">ddc</subfield>
  </datafield>
  <datafield tag="999" ind1=" " ind2=" ">
    <subfield code="c">8916</subfield>
    <subfield code="d">8916</subfield>
  </datafield>
  <datafield tag="952" ind1=" " ind2=" ">
    <subfield code="0">0</subfield>
    <subfield code="1">0</subfield>
    <subfield code="2">ddc</subfield>
    <subfield code="4">0</subfield>
    <subfield code="7">0</subfield>
    <subfield code="8">Scien. H.</subfield>
    <subfield code="a">MAIN</subfield>
    <subfield code="b">MAIN</subfield>
    <subfield code="c">2ND</subfield>
    <subfield code="d">2008-03-30</subfield>
    <subfield code="e">Purchase</subfield>
    <subfield code="l">9</subfield>
    <subfield code="m">44</subfield>
    <subfield code="o">947.0009045 PEA</subfield>
    <subfield code="p">000010441</subfield>
    <subfield code="r">2025-07-15 00:00:00</subfield>
    <subfield code="s">2015-11-29</subfield>
    <subfield code="v">240.00</subfield>
    <subfield code="w">2008-03-30</subfield>
    <subfield code="y">BB</subfield>
  </datafield>
</record>
